| 000 | 00595nam a2200205 i 4500 | ||
|---|---|---|---|
| 001 | 141123 | ||
| 003 | ES-MaACL | ||
| 005 | 20230906200227.0 | ||
| 007 | t| | ||
| 008 | 070919s1952 sp ||||1| spa d | ||
| 100 | 1 |
_aWilson, G. M. _9117026 |
|
| 245 | 1 | 3 |
_aEl caso de la novia asesinada / _cG. M. Wilson ; [traducción directa del inglés de Fernando Trías]. |
| 250 | _a1ª ed. | ||
| 260 |
_aBarcelona : _bAHR, _c1952. |
||
| 300 |
_a224 p. ; _c17 cm. |
||
| 490 | 1 |
_aMedianoche ; _v6 |
|
| 830 | 0 |
_aMedianoche ; _v6 _9184001 |
|
| 852 |
_aES-MaACL _jD-8565 _bR.33488 |
||
| 999 |
_c141123 _d141123 |
||